| 000 | 00444aam a2200169 4500 | ||
|---|---|---|---|
| 005 | 20170302143631.0 | ||
| 008 | 150507b xxu||||| |||| 00| 0 spa d | ||
| 041 | _aspa | ||
| 082 | _a651.53 R922m | ||
| 100 |
_aRufeil, Marta Z _937369 |
||
| 245 | _aManual de teoría archivística y glosario | ||
| 260 |
_bBrujas _aArgentina _c2009 |
||
| 300 | _a252 páginas | ||
| 650 |
_aARCHIVÍSTICA _911040 |
||
| 650 |
_aARCHIVOLOGÍA _916329 |
||
| 942 | _cBK | ||
| 999 |
_c5227 _d5227 |
||